000 00303nam a2200121Ia 4500
008 230907s9999||||xx |||||||||||||| ||und||
082 _a523.01
_bSOM
100 _aSomov, B. V.
_9115890
245 0 _aPlasma astrophysics /
260 _aSpringer,
_bNew York, NY :
_c2006
300 _a2 v. :
942 _cBK
999 _c600073
_d600073